000
00336 a2200157 4500
001
47826
020
_a
040
_c
Anchieta - Aquarius
100
_a
Narimatsu, Aura Celeste Gomes Ribeiro
240
1
0
_a
Jonas e a baleia
_l
por
245
1
0
_a
Jonas e a baleia
300
_a
362
0
_a
1995
650
4
_a
Religião
942
_c
BK
999
_c
47826
_d
47826